Catálogo

EL HOMBRE EN EL COSMOS (Registro nro. 54592)

Detalles MARC
000 -LEADER
fixed length control field 00955nam a2200205 a 4500
001 - CONTROL NUMBER
control field 54592
005 - DATE AND TIME OF LATEST TRANSACTION
control field 20180714045517.0
008 - FIXED-LENGTH DATA ELEMENTS--GENERAL INFORMATION
fixed length control field 140415s1997 sp 000 0 spa d
020 ## - INTERNATIONAL STANDARD BOOK NUMBER
International Standard Book Number 84293121110
041 ## - LANGUAGE CODE
Language code of text/sound track or separate title spa
082 ## - DEWEY DECIMAL CLASSIFICATION NUMBER
Classification number 231.765
Item number CAR
100 1# - MAIN ENTRY--PERSONAL NAME
Personal name CARREIRA, MANUEL
245 13 - TITLE STATEMENT
Title EL HOMBRE EN EL COSMOS
250 ## - EDITION STATEMENT
Edition statement 1a ed.
260 ## - PUBLICATION, DISTRIBUTION, ETC.
Place of publication, distribution, etc. ESPAÑA :
Name of publisher, distributor, etc. SAL TERRAE,
Date of publication, distribution, etc. 1997
300 ## - PHYSICAL DESCRIPTION
Extent 188
Dimensions 16 x 0.5 x 23
490 ## - SERIES STATEMENT
Series statement LIBROS DE BOLSILLO
520 ## - SUMMARY, ETC.
Summary, etc. LAS ETERNAS PREGUNTAS QUE TODO HOMBRE SE FORMULA, MAS OMENOS EXPLICITAMENTE, ACERCA DE SU PROPIO SER Y EXISTIR Y DE SUS RELACIONES CON EL MUNDO ADQUIEREN HOY NUEVA IMPORTANCIA POR LOS AVANCES CIENTIFICOS DE LOS ULTIMOS CIEN AÑOS. TEMAS COMO EL POSIBLE ORIGEN DE TODO EL UNIVERSO EN UN PASADO CALCULABLE, DEL ORIGEN DE LA VIDA EN LA TIERRA Y SU POSIBILIDAD EN OTROS ENTORNOS COSMICOS, DE LA NATURALEZA DE LA INTELIGENCIA....
650 14 - SUBJECT ADDED ENTRY--TOPICAL TERM
Topical term or geographic name entry element COSMOLOGIA
General subdivision ESPIRITU
-- HOMBRE
-- VIDA
Existencias
Withdrawn status Lost status Source of classification or shelving scheme Damaged status Not for loan Collection code Home library Current library Shelving location Date acquired Source of acquisition Inventory number Total Checkouts Full call number Barcode Date last seen Price effective from Koha item type
    Dewey Decimal Classification     General Centro de Estudios en Ciencia y Religión Centro de Estudios en Ciencia y Religión Sala general 03/12/2013 Compra 151000000000000000077992   231.765 CAR 81791 05/01/2026 20/11/2015 Libro